Catálogo

Cuando las catedrales eran blancas / (Registro nro. 31557)

Detalles MARC
000 -LEADER
fixed length control field 01463cam a2200385 i 4500
001 - CONTROL NUMBER
control field 31557
003 - CONTROL NUMBER IDENTIFIER
control field Mx-PuUPA
005 - DATE AND TIME OF LATEST TRANSACTION
control field 20251106111843.0
008 - FIXED-LENGTH DATA ELEMENTS--GENERAL INFORMATION
fixed length control field 140415s1977 sp a gr 001 0 spa d
017 ## - COPYRIGHT OR LEGAL DEPOSIT NUMBER
Copyright or legal deposit number B.0.813 - 1977
020 ## - INTERNATIONAL STANDARD BOOK NUMBER
International Standard Book Number 8485083040
040 ## - CATALOGING SOURCE
Original cataloging agency Mx-PuUPA
Transcribing agency Mx-PuUPA
Language of cataloging spa
Modifying agency Mx-PuUPA
Description conventions rda
041 1# - LANGUAGE CODE
Language code of text/sound track or separate title spa
Language code of original fre
043 ## - GEOGRAPHIC AREA CODE
Geographic area code n-us---
100 0# - MAIN ENTRY--PERSONAL NAME
Personal name Le Corbusier,
Dates associated with a name 1887-1965
9 (RLIN) 16831
240 10 - UNIFORM TITLE
Uniform title Quand les cathédrales étaient blanches.
Language of a work Español
245 10 - TITLE STATEMENT
Title Cuando las catedrales eran blancas /
Statement of responsibility, etc. Le Corbusier ; traducción del francés, Julio E. Payró
250 ## - EDITION STATEMENT
Edition statement Primera edición /
Remainder of edition statement española
264 #1 - PRODUCTION, PUBLICATION, DISTRIBUTION, MANUFACTURE, AND COPYRIGHT NOTICE
Place of production, publication, distribution, manufacture Barcelona, España :
Name of producer, publisher, distributor, manufacturer Editorial Poseidon,
Date of production, publication, distribution, manufacture, or copyright notice 1977
300 ## - PHYSICAL DESCRIPTION
Extent 292 páginas :
Other physical details ilustraciones (blanco y negro) ;
Dimensions 22 cm
336 ## - CONTENT TYPE
Fuente rdacontent
Content type term texto
Content type code txt
337 ## - MEDIA TYPE
Source rdamedia
Media type term sin medio
Media type code n
338 ## - CARRIER TYPE
Source rdacarrier
Carrier type term volumen
Carrier type code nc
600 00 - SUBJECT ADDED ENTRY--PERSONAL NAME
Personal name Le Corbusier,
Dates associated with a name 1887-1965
9 (RLIN) 16831
650 #7 - SUBJECT ADDED ENTRY--TOPICAL TERM
Source of heading or term armarc
Topical term or geographic name entry element Arquitectura moderna
Chronological subdivision Siglo XX
Geographic subdivision Estados Unidos
650 #7 - SUBJECT ADDED ENTRY--TOPICAL TERM
Source of heading or term armarc
Topical term or geographic name entry element Arquitectura
Geographic subdivision Nueva York
650 #7 - SUBJECT ADDED ENTRY--TOPICAL TERM
Source of heading or term armarc
Topical term or geographic name entry element Arte
General subdivision Filosofía
651 #4 - SUBJECT ADDED ENTRY--GEOGRAPHIC NAME
Geographic name Estados Unidos
General subdivision Descripción y viajes
700 1# - ADDED ENTRY--PERSONAL NAME
Personal name Payró, Julio E.,
Relator term traductor
765 0# - ORIGINAL LANGUAGE ENTRY
Main entry heading Le Corbusier
Title Quand les cathédrales étaient blanches
942 ## - ADDED ENTRY ELEMENTS (KOHA)
Koha item type Libro
Source of classification or shelving scheme Dewey Decimal Classification
Classification part 720.9730904
Item part L4518
Existencias
Withdrawn status Lost status Source of classification or shelving scheme Damaged status Not for loan Collection code Home library Current library Shelving location Date acquired Source of acquisition Cost, normal purchase price Total Checkouts Full call number Barcode Date last seen Cost, replacement price Price effective from Koha item type
    Dewey Decimal Classification     General Biblioteca Karol Wojtyla Biblioteca Karol Wojtyla Sala general 03/12/2013 Donación 0.00   720.9730904 L4518 1977 45975 20/02/2026 0.00 03/12/2013 Libro